A través de Los Andes
Salvato in:
| Autore principale: | |
|---|---|
| Natura: | Libro |
| Lingua: | spagnolo |
| Pubblicazione: |
Santiago, Chile
Cámara Chilena de la Construcción
2011
Santiago, Chile Pontificia Universidad Católica de Chile Santiago, Chile Dirección de Bibliotecas, Archivos y Museos |
| Serie: | Biblioteca Fundamentos de la Construcción de Chile,
50 |
| Soggetti: | |
| Tags: |
Aggiungi Tag
Nessun Tag, puoi essere il primo ad aggiungerne!!
|
MARC
| LEADER | 00000cam a2200000 a 4500 | ||
|---|---|---|---|
| 001 | UCG8280 | ||
| 003 | CL-VaPUC | ||
| 005 | 20221004074543.0 | ||
| 008 | 111202e20110000CL |||||||||||||||||spa|d | ||
| 999 | |c 345900 |d 345898 | ||
| 020 | |a 9789568306632 | ||
| 040 | |c Pontificia Universidad Católica de Valparaíso | ||
| 082 | 0 | 4 | |a 385.520983 VIC 2011 |2 21 |
| 100 | |a Vicuña Mackenna, Benjamín, |d 1831-1886 |x Político e historiador |z Chile |e autor |9 374 | ||
| 245 | 1 | 0 | |a A través de Los Andes |
| 260 | |a Santiago, Chile |b Cámara Chilena de la Construcción |c 2011 | ||
| 260 | |a Santiago, Chile |b Pontificia Universidad Católica de Chile | ||
| 260 | |a Santiago, Chile |b Dirección de Bibliotecas, Archivos y Museos | ||
| 300 | |a 224 páginas | ||
| 490 | 0 | |a Biblioteca Fundamentos de la Construcción de Chile, |v 50 | |
| 583 | |a last modification |c 20111202 14:14:00 |k Rodrigo Vera | ||
| 600 | 0 | 7 | |a Ferrocarril Trasandino Interoceánico |2 CL-VaPUC |9 559249 |
| 650 | 0 | |a Ferrocarriles |9 260933 |x Obras públicas |z Chile | |
| 650 | 0 | |a Historia de Chile |9 265473 | |
| 942 | |c BK |2 ddc | ||
| 945 | |d 20111202 00:00:00 |a cmena | ||
| 952 | |0 0 |1 0 |2 ddc |4 0 |6 385_520983000000000_VIC_2011 |7 0 |8 A |9 446285 |a BIBHIS |b BIBHIS |d 2019-11-22 |i 4794532 |l 1 |o 385.520983 VIC 2011 |p 4794532 |r 2025-01-20 |s 2022-12-05 |t 1 |w 2019-11-22 |y BK |k HIS | ||